Las dos caras del imperialismo : vasallos y guerreros /
Spremljeno u:
| Glavni autori: | , |
|---|---|
| Format: | Nepoznato |
| Jezik: | Spanish |
| Izdano: |
Buenos Aires :
Lumen,
2004.
|
| Teme: | |
| Oznake: |
Dodaj oznaku
Bez oznaka, Budi prvi tko označuje ovaj zapis!
|
MARC
| LEADER | 000000000a22000000004500 | ||
|---|---|---|---|
| 001 | 011988 | ||
| 020 | |a 9685830142 | ||
| 041 | 0 | |a spa | |
| 082 | 0 | 4 | |a 325.320.973 |b P493d |
| 100 | 1 | |a Petras, James F., |d 1937- | |
| 100 | 1 | |a Veltmeyer, Henry | |
| 245 | 1 | 4 | |a Las dos caras del imperialismo : |b vasallos y guerreros / |c James F. Petras, Henry Veltmeyer. |
| 260 | 1 | |a Buenos Aires : |b Lumen, |c 2004. | |
| 300 | |a 400 páginas | ||
| 500 | |a Material disponible en BCMA | ||
| 650 | 4 | |a IMPERIALISMO | |
| 650 | 4 | |a ESTADOS UNIDOS | |
| 650 | 4 | |a GUERRAS | |
| 650 | 4 | |a POLITICA ECONOMICA | |
| 650 | 4 | |a COMPETENCIA ECONOMICA DESLEAL | |
| 650 | 4 | |a GLOBALIZACION | |
| 500 | |a Colección George Yúdice | ||
| 999 | |c 18005 |d 18005 | ||
| 942 | |c BK |h 325.320.973 P493d |2 z | ||



